2023-24 NCAA FOOTBALL RANKINGS - Statistics

General Stats
  • This quiz has been taken 115 times
  • The average score is 19 of 25
Answer Stats
Hint Answer % Correct
1 (15-0) Michigan
99%
5 (12-2) Alabama
98%
4 (13-1) Georgia
98%
3 (12-2) Texas
98%
6 (13-1) Florida State
95%
2 (14-1) Washington
94%
10 (11-2) Ohio State
88%
7 (12-2) Oregon
87%
9 (11-2) Ole Miss
85%
15 (10-3) Oklahoma
82%
12 (10-3) LSU
78%
17 (9-4) Tennessee
78%
13 (10-3) Penn State
76%
20 (9-4) Clemson
73%
14 (10-3) Notre Dame
73%
24 (10-4) Iowa
72%
16 (10-4) Oklahoma State
71%
23 (9-4) Kansas
69%
8 (11-2) Missouri
66%
11 (10-3) Arizona
64%
18 (9-4) Kansas State
60%
19 (10-4) Louisville
49%
25 (13-1) Liberty
48%
21 (9-4) NC State
43%
22 (11-3) SMU
42%
No matching quizzes found
Score Distribution
Percent of People with Each Score
Percentile by Number Answered
Your Score History
You have not taken this quiz